书目信息 |
| 题名: |
质量员专业基础知识
|
|
| 作者: | 汪莹 主编 | |
| 分册: | 市政工程 | |
| 出版信息: | 北京 中国建筑工业出版社 2014 |
|
| 页数: | 15,421页 | |
| 开本: | 26cm | |
| 丛书名: | ||
| 单 册: | ||
| 中图分类: | TU712.3 , TU99 | |
| 科图分类: | ||
| 主题词: | 建筑工程--质量管理--技术培训--教材 , 市政工程--质量管理--技术培训--教材 , 质量管理 , 市政工程 , 建筑工程 | |
| 电子资源: | ||
| ISBN: | 978-7-112-16576-6 | |
| 000 | 01128nam0 2200313 450 | |
| 001 | 142620 | |
| 005 | 20141223130756.18 | |
| 010 | @a978-7-112-16576-6@dCNY 71.00 | |
| 100 | @a20141017d2014 em y0chiy50 ea | |
| 101 | 0 | @achi |
| 102 | @aCN@b110000 | |
| 105 | @aa z 000yy | |
| 200 | 1 | @a质量员专业基础知识@9zhi liang yuan zhuan ye ji chu zhi shi@i市政工程@b专著 |
| 210 | @a北京@c中国建筑工业出版社@d2014 | |
| 215 | @a15,421页@c图@d26cm | |
| 300 | @a住房和城乡建设领域专业人员岗位培训考核系列用书 | |
| 304 | @a江苏省建设教育协会组织编写 | |
| 314 | @a主编:汪莹 | |
| 330 | @a本书共分12章,包括市政工程识图、市政工程施工测量、力学基础知识、建筑材料、桥梁结构基础、市政公用工程施工项目管理、城市道路工程施工技术、市政桥梁工程施工技术、市政管道工程施工技术、隧道工程施工技术、建设工程法律基础、职业道德。 | |
| 606 | 0 | @a建筑工程@x质量管理@x技术培训@j教材 |
| 606 | 0 | @a市政工程@x质量管理@x技术培训@j教材 |
| 606 | 0 | @a质量管理 |
| 606 | 0 | @a市政工程 |
| 606 | 0 | @a建筑工程 |
| 690 | @aTU712.3@v5 | |
| 690 | @aTU99@v5 | |
| 701 | 0 | @a汪莹@9wang ying@4主编 |
| 801 | 0 | @c20141223 |
| 905 | @a241430@dTU712.3@eZ487 | |
| 质量员专业基础知识.市政工程.-北京:中国建筑工业出版社,2014 |
| 15,421页:图;26cm |
| 住房和城乡建设领域专业人员岗位培训考核系列用书 |
| ISBN 978-7-112-16576-6:CNY 71.00 |
| 本书共分12章,包括市政工程识图、市政工程施工测量、力学基础知识、建筑材料、桥梁结构基础、市政公用工程施工项目管理、城市道路工程施工技术、市政桥梁工程施工技术、市政管道工程施工技术、隧道工程施工技术、建设工程法律基础、职业道德。 |
| ● |
| 相关链接 |
|
|
|
正题名:质量员专业基础知识
索取号:TU712.3/Z487
 
预约/预借
| 序号 | 登录号 | 条形码 | 馆藏地/架位号 | 状态 | 备注 |
| 1 | 1135407 | 211354078 | 建筑库201/201建筑库 24排4列3层/ [索取号:TU712.3/Z487] | 在馆 | |
| 2 | 1135408 | 211354087 | 建筑库201/201建筑库 24排4列3层/ [索取号:TU712.3/Z487] | 在馆 | |
| 3 | 1135409 | 211354096 | 建筑库201/201建筑库 24排4列3层/ [索取号:TU712.3/Z487] | 在馆 |